000 00605nam a2200205Ia 4500
003 GCL
008 140319s9999 xx 000 0 ara d
040 _aGCL /
_cGCL
082 0 4 _a811.0098
_bا ف
100 1 _aاحسان عباس
245 1 0 _aفن الشعر /
_cاحسان عباس
260 _a[S.N] :
_bدار الثقافة العربية ،
_c1992
300 _a284 ص
490 _aالفنون الادبية
_v0
650 0 4 _aالشعر العربى
650 0 4 _aالادب العربى
650 0 4 _aالمذاهب الادبية
650 0 4 _aتاريخ ونقد
942 _2ddc
_cBK
999 _c52706
_d52706